Ondas (Record no. 49705)
[ view plain ]
| 000 -LEADER | |
|---|---|
| campo de control de longitud fija | 00852nam a2200217 i 4500 |
| 001 - NÚMERO DE CONTROL | |
| campo de control | 49705 |
| 003 - IDENTIFICADOR DE NÚMERO DE CONTROL | |
| campo de control | ES-MaACL |
| 005 - FECHA Y HORA DE LA ÚLTIMA TRANSACCIÓN | |
| campo de control | 20230906162040.0 |
| 007 - CAMPO FIJO DE DESCRIPCIÓN FÍSICA--INFORMACIÓN GENERAL | |
| campo de control de longitud fija | t| |
| 008 - DATOS DE LONGITUD FIJA--INFORMACIÓN GENERAL | |
| campo de control de longitud fija | 030722q1944 sp ||||1| spa d |
| 100 1# - ENTRADA PRINCIPAL--NOMBRE DE PERSONA | |
| Nombre de persona | Coulson, Charles Alfred. |
| 9 (RLIN) | 41243 |
| 245 10 - MENCIÓN DEL TÍTULO | |
| Título | Ondas |
| Resto del título | : exposición matemática de los tipos más comunes de movimiento ondulatorio / |
| Mención de responsabilidad, etc. | por Charles Alfred Coulson ; versión castellana de la 4ª edición inglesa al cuidado de Irene Andresco y Antonio Flores de Lemus. |
| 260 ## - PUBLICACIÓN, DISTRIBUCIÓN, ETC. | |
| Lugar de publicación, distribución, etc. | Madrid : |
| Nombre del editor, distribuidor, etc. | Dossat, |
| Fecha de publicación, distribución, etc. | [1944?] ( |
| Fabricante | Nuevas Gráficas) |
| 300 ## - DESCRIPCIÓN FÍSICA | |
| Extensión | XI, 174 p. : |
| Otras características físicas | il. ; |
| Dimensiones | 22 cm. |
| 490 1# - MENCIÓN DE SERIE | |
| Mención de serie | University Mathematical texts |
| 700 1# - ENTRADA AGREGADA--NOMBRE PERSONAL | |
| Nombre de persona | Andresco, Irene. |
| 9 (RLIN) | 21625 |
| 700 1# - ENTRADA AGREGADA--NOMBRE PERSONAL | |
| Nombre de persona | Flores de Lemus, Antonio. |
| 9 (RLIN) | 51277 |
| 830 0# - PUNTO DE ACCESO ADICIONAL DE SERIE-TÍTULO UNIFORME | |
| Título uniforme | University Mathematical texts |
| 9 (RLIN) | 180736 |
| 852 ## - LOCALIZACIÓN | |
| Ubicación | ES-MaACL |
| Número de control de estantería | D-8078 |
| Sublocalización o colección | R.27031 |
| Estatus retirado | Estado de pérdida | Estado de daño | No para préstamo | Biblioteca de origen | Biblioteca actual | Ubicación en estantería | Fecha de adquisición | Fuente de adquisición | Total de préstamos | Signatura topográfica completa | Código de barras | Visto por última vez | Precio de reemplazo | Tipo de ítem Koha |
|---|---|---|---|---|---|---|---|---|---|---|---|---|---|---|
| Biblioteca del Ateneo de Madrid | Biblioteca del Ateneo de Madrid | Sala Valle Inclán | 17/01/2008 | D-8078 | 901052299 | 23/02/2023 | 23/02/2023 | Libro impreso |
